[Event "XXXV Festival Conca della Presolana Magistrale"]
[Site "Castione della Presolana ITA"]
[Date "2015.08.25"]
[Round "4"]
[White "Cattaneo, Marco"]
[Black "Ventura, Salvatore"]
[WhiteElo "2175"]
[BlackElo "2083"]
[Result "1-0"]
[PlyCount "71"]
[EventDate "2015.08.22"]

1. d4 e6 2. c4 f5 3. g3 Nf6 4. Bg2 d5 5. Nh3 c6 6. O-O Bd6 7. Qc2 O-O 8. Bf4
Be7 9. Nd2 h6 10. Bxb8 Rxb8 11. Nf4 Bd6 12. e3 Ne4 13. Rab1 Nxd2 14. Qxd2 Bd7
15. Rfc1 g5 16. Ng6 Rf6 17. Ne5 Bxe5 18. dxe5 Rg6 19. b4 a6 20. a4 Rg7 21. Qd4
Be8 22. b5 axb5 23. axb5 Rd7 24. bxc6 bxc6 25. c5 Rf7 26. Bf1 f4 27. Bh3 Bd7
28. exf4 gxf4 29. Rb6 fxg3 30. hxg3 Qe8 31. Rb4 Rg7 32. Qh4 h5 33. Rf4 Qg6 34.
Rf6 Qh7 35. Kh2 Be8 36. Bxe6+ 1-0

[Event "XXXV Festival Conca della Presolana Magistrale"]
[Site "Castione della Presolana ITA"]
[Date "2015.08.25"]
[Round "4"]
[White "Cebalo, Miso"]
[Black "Hunt, Adam C."]
[WhiteElo "2397"]
[BlackElo "2427"]
[Result "1-0"]
[PlyCount "109"]
[EventDate "2015.08.22"]

1. d4 Nf6 2. Bg5 Ne4 3. Bf4 c5 4. f3 Qa5+ 5. c3 Nf6 6. d5 d6 7. e4 g6 8. Nd2
Nbd7 9. Nh3 Bg7 10. Nf2 O-O 11. a4 Qc7 12. Nc4 Nb6 13. g4 Nxc4 14. Bxc4 Nd7 15.
Qd2 Ne5 16. Be2 e6 17. Rd1 exd5 18. Qxd5 Rd8 19. Bg5 Be6 20. Bxd8 Rxd8 21. Qd2
Bb3 22. O-O Bxd1 23. Rxd1 Nc6 24. Kg2 Qe7 25. g5 Qe6 26. Qd5 Qxd5 27. Rxd5 Ne7
28. Rd1 d5 29. Bc4 d4 30. Ng4 Nc6 31. cxd4 Rxd4 32. Rxd4 Bxd4 33. b3 Ne5 34.
Nf6+ Kg7 35. Ne8+ Kf8 36. Nd6 b6 37. f4 Nxc4 38. bxc4 Ke7 39. Nc8+ Kd7 40. Nxa7
Bb2 41. Kf3 f6 42. gxf6 Bxf6 43. e5 Bh4 44. Ke4 Ke6 45. Nb5 Bd8 46. Nc3 Bh4 47.
Nd5 Bd8 48. Nf6 h6 49. Ng4 h5 50. Ne3 Bc7 51. Ng2 Bd8 52. Ne1 Bh4 53. Nf3 Bf2
54. Kd3 Kf5 55. Ke2 1-0

[Event "XXXV Festival Conca della Presolana Magistrale"]
[Site "Castione della Presolana ITA"]
[Date "2015.08.25"]
[Round "4"]
[White "Cocconcelli, Lorenzo"]
[Black "Ferretti, Folco"]
[WhiteElo "2139"]
[BlackElo "2211"]
[Result "0-1"]
[PlyCount "66"]
[EventDate "2015.08.22"]

1. d4 Nf6 2. c4 e6 3. g3 Bb4+ 4. Bd2 Qe7 5. Bg2 Nc6 6. Nf3 Bxd2+ 7. Nbxd2 d6 8.
e4 e5 9. d5 Nb8 10. O-O O-O 11. Ne1 a5 12. Nd3 Na6 13. f4 Nc5 14. Nxc5 dxc5 15.
Re1 Ne8 16. fxe5 Qxe5 17. Qc2 f6 18. Nf3 Qh5 19. e5 fxe5 20. Rxe5 Bf5 21. Qc3
Nd6 22. Rae1 Qh6 23. Re7 Rf7 24. Rxf7 Kxf7 25. g4 Bg6 26. h4 Kg8 27. g5 Qh5 28.
Re7 Bf7 29. Rxc7 Re8 30. b3 Re2 31. Qd3 Rxa2 32. Rd7 Rxg2+ 33. Kxg2 Qg4+ 0-1

[Event "XXXV Festival Conca della Presolana Magistrale"]
[Site "Castione della Presolana ITA"]
[Date "2015.08.25"]
[Round "4"]
[White "Corvi, Marco"]
[Black "Franciosi, Fausto"]
[WhiteElo "2322"]
[BlackElo "2139"]
[Result "1/2-1/2"]
[PlyCount "129"]
[EventDate "2015.08.22"]

1. c4 Nf6 2. Nc3 g6 3. g3 Bg7 4. Bg2 O-O 5. e4 d6 6. Nge2 c5 7. O-O Nc6 8. a3
a6 9. Rb1 Rb8 10. b4 cxb4 11. axb4 b5 12. cxb5 axb5 13. d4 e5 14. dxe5 dxe5 15.
Be3 Be6 16. Nd5 Nd7 17. Qc2 Nd4 18. Qb2 Bxd5 19. exd5 Nf5 20. Bc5 Nb6 21. Qb3
Nd6 22. Bxd6 Qxd6 23. Nc3 Qe7 24. Nxb5 Nc8 25. Nc3 Nd6 26. Rfc1 f5 27. Na4 e4
28. Nc5 Rfc8 29. Ne6 Rxc1+ 30. Rxc1 Rb7 31. Qa3 Ra7 32. Qe3 Rb7 33. Qc5 Rb5 34.
Qc6 Rxb4 35. Qa8+ Qe8 36. Qa3 Qb8 37. Nxg7 Kxg7 38. Qc3+ Kg8 39. Bf1 Rb6 40.
Qe5 Nf7 41. Qe7 Qd8 42. Qa7 Qb8 43. Qd7 Kg7 44. Rc7 Qf8 45. h4 Rd6 46. Qb5 Qd8
47. Qb7 Qf8 48. Bc4 h5 49. Rc8 Rb6 50. Qxb6 Qxc8 51. Qd4+ Kh7 52. Qa7 Kg8 53.
Bf1 Nd6 54. Qe7 Qf8 55. Qe6+ Kg7 56. Kg2 Qd8 57. Be2 Qf8 58. Bd1 Kh6 59. Qe5
Kh7 60. Ba4 Qd8 61. Bc6 Kg8 62. Qe6+ Kg7 63. Bd7 Qf6 64. Kf1 Qd8 65. Bc6
1/2-1/2

[Event "XXXV Festival Conca della Presolana Magistrale"]
[Site "Castione della Presolana ITA"]
[Date "2015.08.25"]
[Round "4"]
[White "Gentili, Gianguido"]
[Black "Ottavi, Marco"]
[WhiteElo "2074"]
[BlackElo "1991"]
[Result "0-1"]
[PlyCount "56"]
[EventDate "2015.08.22"]

1. e4 e6 2. d4 d5 3. e5 c5 4. c3 Nc6 5. Nf3 Qb6 6. a3 Bd7 7. b4 cxd4 8. cxd4
Rc8 9. Be3 Nh6 10. Bd3 Nf5 11. O-O Be7 12. Ra2 O-O 13. g4 Nxe3 14. fxe3 f5 15.
gxf5 exf5 16. Qb3 Na5 17. Qd1 Nc4 18. Qe1 Qh6 19. Re2 f4 20. exf4 Bh3 21. Rff2
Qxf4 22. Bxc4 Rxc4 23. Re3 Qg4+ 24. Kh1 Bh4 25. Nc3 Bxf2 26. Qxf2 Qxd4 27. e6
Rxc3 28. e7 Qxe3 0-1

[Event "XXXV Festival Conca della Presolana Magistrale"]
[Site "Castione della Presolana ITA"]
[Date "2015.08.25"]
[Round "4"]
[White "Giretti Kanev, Jasen"]
[Black "Bonazzi, Edoardo"]
[WhiteElo "2211"]
[BlackElo "2113"]
[Result "1-0"]
[PlyCount "73"]
[EventDate "2015.08.22"]

1. e4 d6 2. d4 Nf6 3. Nc3 e5 4. Nf3 Nbd7 5. Be2 Be7 6. O-O O-O 7. h3 c6 8. Be3
Qc7 9. a4 b6 10. d5 Bb7 11. Nh4 g6 12. Ra3 Nxe4 13. Nxe4 Bxh4 14. dxc6 Bxc6 15.
Nxd6 Be7 16. Rd3 Bxa4 17. Bf3 Rad8 18. b3 Bc6 19. Bxc6 Qxc6 20. Bh6 Nc5 21. Nf5
Bf6 22. Bxf8 Nxd3 23. Be7 Rd7 24. Nh6+ Kg7 25. Bxf6+ Kxh6 26. Qg4 Qxf6 27. Qxd7
Nb4 28. Re1 Kg7 29. c3 Nc6 30. b4 e4 31. b5 Qxc3 32. Rxe4 Ne5 33. Qd5 Nd3 34.
Kh2 Nxf2 35. Rf4 Qc7 36. Qd4+ Kg8 37. g3 1-0

[Event "XXXV Festival Conca della Presolana Magistrale"]
[Site "Castione della Presolana ITA"]
[Date "2015.08.25"]
[Round "4"]
[White "Janev, Evgeni"]
[Black "Qendro, Llambi"]
[WhiteElo "2409"]
[BlackElo "2338"]
[Result "1-0"]
[PlyCount "49"]
[EventDate "2015.08.22"]

1. e4 g6 2. d4 Bg7 3. Nc3 c6 4. Be3 d6 5. Qd2 Nf6 6. f3 O-O 7. O-O-O b5 8. Kb1
Nbd7 9. Bh6 Nb6 10. Bxg7 Kxg7 11. h4 Nc4 12. Bxc4 bxc4 13. h5 Qa5 14. Nge2 Rb8
15. Ka1 Bd7 16. g4 Rb6 17. hxg6 fxg6 18. Qh6+ Kg8 19. g5 Nh5 20. Rxh5 gxh5 21.
g6 hxg6 22. Qxg6+ Kh8 23. Qh6+ Kg8 24. Rg1+ Bg4 25. fxg4 1-0

[Event "XXXV Festival Conca della Presolana Magistrale"]
[Site "Castione della Presolana ITA"]
[Date "2015.08.25"]
[Round "4"]
[White "Madiai, Federico"]
[Black "Coppola, Federico"]
[WhiteElo "2227"]
[BlackElo "2092"]
[Result "1/2-1/2"]
[PlyCount "81"]
[EventDate "2015.08.22"]

1. e4 e6 2. d4 d5 3. Nd2 Nc6 4. Ngf3 Nf6 5. e5 Nd7 6. Bd3 Nb4 7. Be2 c5 8. Nb3
Nc6 9. Nxc5 Nxc5 10. dxc5 Bxc5 11. a3 Qc7 12. b4 Be7 13. Bb2 Bd7 14. O-O O-O
15. Bd3 a6 16. Qe2 b5 17. Nd4 Rfb8 18. f4 a5 19. Nxc6 Qxc6 20. Rf3 g6 21. bxa5
Rxa5 22. h4 b4 23. axb4 Rxa1+ 24. Bxa1 Rxb4 25. h5 Rb1+ 26. Rf1 Qc5+ 27. Kh2
Rxf1 28. Qxf1 Qe3 29. hxg6 hxg6 30. g3 Bc5 31. Bb2 Kg7 32. Bc1 Qf2+ 33. Qxf2
Bxf2 34. Ba3 Bd4 35. Be7 f5 36. Bb4 Be3 37. Kg2 g5 38. Kf3 gxf4 39. gxf4 Bb6
40. Be1 Be8 41. Bf2 1/2-1/2

[Event "XXXV Festival Conca della Presolana Magistrale"]
[Site "Castione della Presolana ITA"]
[Date "2015.08.25"]
[Round "4"]
[White "Orlov, Andrey"]
[Black "Movsziszian, Karen"]
[WhiteElo "2489"]
[BlackElo "2457"]
[Result "0-1"]
[PlyCount "168"]
[EventDate "2015.08.22"]

1. e4 g6 2. d4 Bg7 3. Nf3 d6 4. Nc3 a6 5. a4 b6 6. Bc4 e6 7. O-O Ne7 8. Bf4 O-O
9. Qd2 Bb7 10. Rad1 Nd7 11. Rfe1 Nf6 12. Bh6 d5 13. Bxg7 Kxg7 14. exd5 exd5 15.
Bd3 Qd6 16. h3 c5 17. Qg5 c4 18. Bf1 h6 19. Qe5 Nc8 20. Qxd6 Nxd6 21. Ne5 Rfe8
22. g3 Re7 23. Ng4 Rxe1 24. Rxe1 Nfe4 25. Bg2 Nf5 26. Nxe4 dxe4 27. c3 Nd6 28.
a5 b5 29. Ne3 f5 30. Nc2 Kf6 31. Re3 Re8 32. h4 g5 33. hxg5+ hxg5 34. Bf1 f4
35. gxf4 gxf4 36. Rh3 Rg8+ 37. Kh2 Nf7 38. Rh4 Kg5 39. Rh7 Kg6 40. Rh4 Ng5 41.
Bg2 Kf5 42. Ne1 f3 43. Bf1 e3 44. fxe3 f2 45. Rf4+ Ke6 46. Ng2 Nf3+ 47. Kh3
Ng1+ 48. Kh2 Ne2 49. Bxe2 Rxg2+ 50. Kh3 f1=Q 51. Bxf1 Rxb2 52. Kg3 Rc2 53. Bh3+
Ke7 54. Rh4 Bd5 55. e4 Rxc3+ 56. Kf4 Bf7 57. Bf5 b4 58. Rh6 Rc1 59. d5 Rd1 60.
Ke5 c3 61. d6+ Kf8 62. d7 Ke7 63. Rh7 c2 64. Be6 Rxd7 65. Rxf7+ Ke8 66. Rxd7
c1=Q 67. Rb7 Qc5+ 68. Bd5 Qxa5 69. Ke6 Kd8 70. Kd6 Kc8 71. Kc6 Qa4+ 72. Kb6 b3
73. Kc5 b2 74. Kd6 Qa3+ 75. Kc6 Qc3+ 76. Kd6 Qc1 77. Rf7 Qh6+ 78. Be6+ Kb8 79.
Rf1 Qc1 80. Rf8+ Ka7 81. Ba2 Qh6+ 82. Ke7 Qh4+ 83. Rf6 Qxe4+ 84. Re6 b1=Q 0-1

[Event "XXXV Festival Conca della Presolana Magistrale"]
[Site "Castione della Presolana ITA"]
[Date "2015.08.25"]
[Round "4"]
[White "Ranfagni, Stefano"]
[Black "Gennari, Jacopo"]
[WhiteElo "1970"]
[BlackElo "2125"]
[Result "1/2-1/2"]
[PlyCount "120"]
[EventDate "2015.08.22"]

1. e4 d5 2. exd5 Nf6 3. d4 Nxd5 4. Nf3 g6 5. Bc4 Nb6 6. Bb3 Bg7 7. c3 O-O 8.
O-O Bg4 9. h3 Bxf3 10. Qxf3 Nc6 11. Bf4 e6 12. Nd2 Nd5 13. Bg3 Rb8 14. Rad1
Nce7 15. Ne4 Nf5 16. Bh2 b6 17. Qe2 a5 18. g4 Nh6 19. c4 Ne7 20. d5 e5 21. Ba4
Nc8 22. f4 exf4 23. Bxf4 Nd6 24. Nxd6 cxd6 25. Qe3 Qh4 26. Bg5 Nxg4 27. hxg4
Qxg4+ 28. Kh1 Qxc4 29. b3 Qb4 30. Bd7 f6 31. Rf4 Qc5 32. Qe6+ Kh8 33. Bxf6 Bxf6
34. Rxf6 Qb4 35. Rdf1 Qh4+ 36. Kg2 Qg5+ 37. Kh2 Qh6+ 38. Qh3 Qd2+ 39. R1f2
Qxf2+ 40. Rxf2 Rxf2+ 41. Kg1 Rbf8 42. Qc3+ R8f6 43. Be6 Rf1+ 44. Kg2 R1f2+ 45.
Kg3 h5 46. Kh4 Kg7 47. Kg3 g5 48. a3 Kh6 49. Bf5 R2xf5 50. Qc8 h4+ 51. Kg2 g4
52. Qh8+ Kg5 53. Qg7+ Kf4 54. Qc7 Ke5 55. Qc3+ Kxd5 56. Qc4+ Ke5 57. Qe2+ Kd4
58. Qc4+ Ke3 59. Qc3+ Kf4 60. Qd2+ Ke5 1/2-1/2

[Event "XXXV Festival Conca della Presolana Magistrale"]
[Site "Castione della Presolana ITA"]
[Date "2015.08.25"]
[Round "4"]
[White "Ranieri, Fabrizio"]
[Black "Sveshnikov, Evgeny E."]
[WhiteElo "2256"]
[BlackElo "2508"]
[Result "1/2-1/2"]
[PlyCount "88"]
[EventDate "2015.08.22"]

1. e4 c5 2. Nf3 Nc6 3. d4 cxd4 4. Nxd4 e5 5. Nb5 d6 6. N1c3 a6 7. Na3 Be7 8.
Nc4 b5 9. Ne3 Nf6 10. g3 O-O 11. Bg2 b4 12. Ncd5 Nxd5 13. Nxd5 Bg5 14. Bxg5
Qxg5 15. O-O Rb8 16. Qd3 a5 17. a3 Qd8 18. Rfd1 Be6 19. axb4 Nxb4 20. Nxb4 Rxb4
21. Qxd6 Qxd6 22. Rxd6 Rxb2 23. Ra6 Rxc2 24. R6xa5 g6 25. h4 Kg7 26. Ra8 Rxa8
27. Rxa8 Rc1+ 28. Kh2 Rc2 29. Kg1 Kf6 30. Ra5 h6 31. Ra6 Ke7 32. Ra8 g5 33.
hxg5 hxg5 34. Ra5 Kd6 35. f3 Rc5 36. Rxc5 Kxc5 37. g4 Kd4 38. Kf2 Bc4 39. Bh1
Kd3 40. Bg2 Kd2 41. Bh3 Kd1 42. Bg2 Be2 43. Bh3 Kd2 44. Bg2 f6 1/2-1/2

[Event "XXXV Festival Conca della Presolana Magistrale"]
[Site "Castione della Presolana ITA"]
[Date "2015.08.25"]
[Round "4"]
[White "Ricci, Marco"]
[Black "Negro, Roberto"]
[WhiteElo "2040"]
[BlackElo "2169"]
[Result "1/2-1/2"]
[PlyCount "78"]
[EventDate "2015.08.22"]

1. e4 c5 2. Nf3 d6 3. d4 cxd4 4. Qxd4 a6 5. c4 Nc6 6. Qd2 Nf6 7. Nc3 g6 8. b3
Bg7 9. Bb2 O-O 10. Be2 Qa5 11. Rb1 Ne5 12. O-O Nxf3+ 13. Bxf3 Rb8 14. Rfd1 Re8
15. Nd5 Qxd2 16. Rxd2 Nxd5 17. Bxg7 Kxg7 18. Rxd5 b5 19. Be2 Be6 20. Rd4 b4 21.
f4 Rec8 22. Ra1 Rc5 23. a4 bxa3 24. Rxa3 Rb6 25. Rd2 Kf6 26. Kf2 Rc8 27. Rda2
Rcb8 28. Bd1 Bc8 29. Ke3 g5 30. g3 gxf4+ 31. gxf4 Bb7 32. Ra5 Rg8 33. Rf5+ Ke6
34. Rh5 Rg1 35. Bc2 Rg7 36. Kd4 f6 37. Kc3 Kf7 38. Bd3 Kg8 39. Rh4 e5 1/2-1/2

[Event "XXXV Festival Conca della Presolana Magistrale"]
[Site "Castione della Presolana ITA"]
[Date "2015.08.25"]
[Round "4"]
[White "Vuelban, Virgilio"]
[Black "Lain, Luigi"]
[WhiteElo "2349"]
[BlackElo "2143"]
[Result "1/2-1/2"]
[PlyCount "116"]
[EventDate "2015.08.22"]

1. c4 g6 2. d4 Nf6 3. Nc3 Bg7 4. e4 d6 5. Be2 O-O 6. Nf3 Nbd7 7. O-O e5 8. Qc2
exd4 9. Nxd4 Nc5 10. Rd1 a5 11. Bg5 Qe8 12. f3 h6 13. Be3 Nfd7 14. Qd2 Kh7 15.
Ndb5 Na6 16. Rac1 Ndc5 17. Re1 Bd7 18. Bd1 Be6 19. Bd4 f6 20. b3 Qf7 21. Bc2 a4
22. Ne2 c6 23. Nbc3 Nb4 24. Nf4 Nxc2 25. Qxc2 axb3 26. axb3 Bd7 27. Red1 Rfd8
28. b4 Ne6 29. Nxe6 Bxe6 30. Bb6 Bxc4 31. Bxd8 Bb3 32. Qd3 Bxd1 33. Qxd6 Bb3
34. Bb6 f5 35. Bd4 Bf8 36. Qe5 Bxb4 37. exf5 Re8 38. fxg6+ Qxg6 39. Qc7+ Re7
40. Qc8 Qg8 41. Qf5+ Qg6 42. Qc8 Qg8 43. Qxg8+ Bxg8 44. Ne4 Kg6 45. h4 Bd5 46.
Nf6 Re1+ 47. Rxe1 Bxe1 48. h5+ Kg5 49. Nxd5 cxd5 50. g4 Bd2 51. Kf2 b5 52. Ke2
Bc1 53. Bc3 Kf4 54. Bf6 b4 55. Be7 b3 56. Bd6+ Kg5 57. Be7+ Kf4 58. Bd6+ Kg5
1/2-1/2

[Event "XXXV Festival Conca della Presolana Magistrale"]
[Site "Castione della Presolana ITA"]
[Date "2015.08.25"]
[Round "5"]
[White "Bonazzi, Edoardo"]
[Black "Ranfagni, Stefano"]
[WhiteElo "2113"]
[BlackElo "1970"]
[Result "1-0"]
[PlyCount "109"]
[EventDate "2015.08.22"]

1. c4 c5 2. g3 g6 3. Bg2 Bg7 4. Nc3 Nc6 5. Nf3 d6 6. O-O e5 7. a3 a5 8. Ne1
Nge7 9. Nc2 O-O 10. Ne3 Be6 11. d3 f5 12. Ned5 h6 13. f4 Rb8 14. Rb1 Bf7 15.
Bd2 Nxd5 16. Nxd5 Ne7 17. Bxa5 b6 18. Nxe7+ Qxe7 19. Bd2 Rfe8 20. e3 e4 21. Qc2
d5 22. dxe4 dxe4 23. Rfd1 Red8 24. Bf1 g5 25. Be2 gxf4 26. gxf4 Rd6 27. Bc3
Rg6+ 28. Kh1 Bxc3 29. Qxc3 Kh7 30. Rg1 Rbg8 31. Rxg6 Rxg6 32. Rg1 Rxg1+ 33.
Kxg1 Qh4 34. b4 Bh5 35. Qd2 Bxe2 36. Qxe2 Qe7 37. Qd2 Qg7+ 38. Kf2 Qg4 39. Qe2
Qh4+ 40. Kf1 Qe7 41. Qd2 Qf7 42. Qd5 Qh5 43. Ke1 Qg4 44. Kd2 Qh3 45. bxc5 Qxh2+
46. Kc3 Qh3 47. Kd4 bxc5+ 48. Qxc5 Qg4 49. Qe7+ Kg8 50. c5 Qd1+ 51. Ke5 Qa1+
52. Kxf5 Qxa3 53. Kg6 Qa6+ 54. Qf6 Qxf6+ 55. Kxf6 1-0

[Event "XXXV Festival Conca della Presolana Magistrale"]
[Site "Castione della Presolana ITA"]
[Date "2015.08.25"]
[Round "5"]
[White "Cugini, Verter"]
[Black "Ricci, Marco"]
[WhiteElo "2089"]
[BlackElo "2040"]
[Result "0-1"]
[PlyCount "76"]
[EventDate "2015.08.22"]

1. e4 e5 2. Nf3 Nc6 3. d4 exd4 4. Nxd4 Bc5 5. Be3 Qf6 6. c3 Nge7 7. g3 d5 8.
Bg2 dxe4 9. Nb5 Bxe3 10. Nxc7+ Kf8 11. O-O Rb8 12. fxe3 Qe5 13. Qb3 f5 14. Nb5
Be6 15. c4 a6 16. N5a3 b5 17. Nd2 bxc4 18. Qc3 Rxb2 19. Qxe5 Nxe5 20. Nxe4
Rxg2+ 21. Kxg2 Bd5 22. Rfd1 Bxe4+ 23. Kf1 Nd5 24. Rab1 Ke7 25. Rb7+ Kf6 26. Kg1
Rc8 27. Rc1 Rc6 28. Nc2 Bxc2 29. Rxc2 Nxe3 30. Rc3 Nd5 31. Rc2 h6 32. Kf2 Ng4+
33. Kf3 Nge3 34. Rc1 c3 35. Ke2 c2 36. Rb3 Ke5 37. Rxe3+ Nxe3 38. Kxe3 g5 0-1

[Event "XXXV Festival Conca della Presolana Magistrale"]
[Site "Castione della Presolana ITA"]
[Date "2015.08.25"]
[Round "5"]
[White "Ferretti, Folco"]
[Black "Janev, Evgeni"]
[WhiteElo "2211"]
[BlackElo "2409"]
[Result "0-1"]
[PlyCount "114"]
[EventDate "2015.08.22"]

1. Nf3 d6 2. e4 Nf6 3. Nc3 e5 4. d4 Nbd7 5. Bc4 Be7 6. O-O O-O 7. Re1 Nb6 8.
Bf1 exd4 9. Qxd4 Bg4 10. Qd3 Nfd7 11. Bf4 Nc5 12. Qe3 Re8 13. Nd4 Bf6 14. f3
Bd7 15. Qd2 Be5 16. Be3 g6 17. Rad1 Qh4 18. g3 Qd8 19. b3 Bg7 20. a4 Nc8 21.
Nde2 Ne6 22. f4 Ne7 23. Bg2 Bc6 24. Nd4 Bd7 25. Qf2 Nc6 26. Nxc6 Bxc6 27. Nd5
a6 28. e5 Bxd5 29. Rxd5 Qe7 30. exd6 cxd6 31. Qd2 Rac8 32. c4 Nc5 33. Bf2 Qc7
34. Rxe8+ Rxe8 35. Rxd6 Nxb3 36. Qd5 Qe7 37. Rd7 Qf6 38. Rxb7 Rd8 39. Rd7 Rxd7
40. Qxd7 Qa1+ 41. Bf1 Bf8 42. f5 a5 43. Be3 Qe5 44. Kf2 Bc5 45. Qd3 Bxe3+ 46.
Qxe3 Qxf5+ 47. Kg2 Nc5 48. Be2 h5 49. Bf3 Qc2+ 50. Kg1 Qxc4 51. Qe8+ Kh7 52.
Qb5 Qd4+ 53. Kg2 Nd3 54. Qb7 Qf2+ 55. Kh3 Qf1+ 56. Kh4 Ne5 57. Bd5 Qf5 0-1

[Event "XXXV Festival Conca della Presolana Magistrale"]
[Site "Castione della Presolana ITA"]
[Date "2015.08.25"]
[Round "5"]
[White "Franciosi, Fausto"]
[Black "Vuelban, Virgilio"]
[WhiteElo "2139"]
[BlackElo "2349"]
[Result "1/2-1/2"]
[PlyCount "158"]
[EventDate "2015.08.22"]

1. d4 Nf6 2. Nf3 e6 3. c4 d5 4. e3 c5 5. Nc3 Nc6 6. Be2 a6 7. O-O dxc4 8. dxc5
Bxc5 9. Qxd8+ Kxd8 10. Bxc4 b5 11. Bd3 Ke7 12. Ne4 Bb6 13. Nxf6 gxf6 14. Bd2
Bb7 15. Rfd1 f5 16. Bf1 Rhd8 17. Rdc1 f6 18. Rc2 Kf7 19. b4 Ne7 20. a4 Be4 21.
Rb2 Bc6 22. axb5 axb5 23. Rba2 Rxa2 24. Rxa2 Bd5 25. Ra6 Nc8 26. Bc3 Bc4 27.
Nd2 Bxf1 28. Kxf1 Rd3 29. Ra3 Ne7 30. Ke2 Rd8 31. Nf3 e5 32. Ne1 Nd5 33. Bd2
Rc8 34. g3 Rc4 35. Rb3 Bd8 36. Nd3 Be7 37. Nb2 Rc2 38. Kd3 Rc7 39. Nd1 e4+ 40.
Ke2 Rc2 41. Ke1 Ra2 42. Nc3 Ra1+ 43. Nb1 Ke6 44. Ke2 Ra2 45. Ke1 Kd7 46. Nc3
Ra1+ 47. Ke2 Kc6 48. Nd1 Ra2 49. Nb2 Bd6 50. Kd1 Be5 51. Kc2 Ra1 52. Nd1 h5 53.
h4 Ra2+ 54. Nb2 Ra8 55. Nd1 Kb6 56. Bc1 Ra4 57. Bd2 Ra2+ 58. Nb2 Ra1 59. Nd1
Kc6 60. Bc1 Ra4 61. Bd2 Bd6 62. Nb2 Ra1 63. Nd1 Kd7 64. Be1 Ke6 65. Bd2 Ra2+
66. Nb2 Be5 67. Kb1 Rxb2+ 68. Rxb2 Bxb2 69. Kxb2 f4 70. exf4 Kf5 71. Kc2 Kg4
72. Kd1 Kf3 73. Ke1 f5 74. Kf1 Nf6 75. Be3 Ng4 76. Bc5 e3 77. Bxe3 Nxe3+ 78.
fxe3 Kxg3 79. Ke2 Kg4 1/2-1/2

[Event "XXXV Festival Conca della Presolana Magistrale"]
[Site "Castione della Presolana ITA"]
[Date "2015.08.25"]
[Round "5"]
[White "Gennari, Jacopo"]
[Black "Brociner, Beniamino"]
[WhiteElo "2125"]
[BlackElo "2167"]
[Result "1/2-1/2"]
[PlyCount "114"]
[EventDate "2015.08.22"]

1. d4 Nf6 2. c4 d6 3. Nc3 Nbd7 4. e4 e5 5. d5 c6 6. Be2 Nc5 7. Qc2 a5 8. h3 g6
9. Be3 Bg7 10. Nf3 Nh5 11. Rd1 Qc7 12. Qd2 Nf4 13. Bxc5 dxc5 14. dxc6 bxc6 15.
O-O Ne6 16. Qd6 Qxd6 17. Rxd6 Bd7 18. Na4 Rb8 19. Rd2 Ke7 20. b3 f6 21. Rfd1
Rhd8 22. Ne1 Bh6 23. Rb2 Be8 24. Nd3 Rd4 25. Ndxc5 Nxc5 26. Nxc5 Kd6 27. Na4 c5
28. Nc3 Ke6 29. Rxd4 exd4 30. Nd5 Ke5 31. g3 g5 32. Bd3 Rb7 33. Rb1 Bf7 34. Rf1
Bxd5 35. exd5 Kd6 36. Re1 Re7 37. Rxe7 Kxe7 38. Bxh7 Kd6 39. Kf1 Ke5 40. Ke2
Bf8 41. Kf3 f5 42. Ke2 Be7 43. Kd3 Bd8 44. Bg6 Be7 45. Bh5 Bd8 46. Be2 Be7 47.
Kd2 Ke4 48. f3+ Ke5 49. Bd3 f4 50. g4 Kd6 51. Bf1 Ke5 52. Kc2 Kd6 53. Be2 Bf8
54. Bd1 Be7 55. a3 Bf8 56. Kd3 Ke5 57. Bc2 Be7 1/2-1/2

[Event "XXXV Festival Conca della Presolana Magistrale"]
[Site "Castione della Presolana ITA"]
[Date "2015.08.25"]
[Round "5"]
[White "Lain, Luigi"]
[Black "Coppola, Federico"]
[WhiteElo "2143"]
[BlackElo "2092"]
[Result "1-0"]
[PlyCount "91"]
[EventDate "2015.08.22"]

1. d4 Nf6 2. c4 g6 3. f3 c5 4. d5 Bg7 5. e4 d6 6. Bd3 e6 7. Nc3 exd5 8. cxd5
O-O 9. Nge2 a6 10. a3 b5 11. b4 cxb4 12. axb4 Qb6 13. Bg5 Bb7 14. Qd2 Rc8 15.
Be3 Qd8 16. O-O Nbd7 17. Nd4 Nb6 18. Rfc1 Nfd7 19. Nb3 Ne5 20. Na5 Nbc4 21.
Bxc4 Nxc4 22. Nxc4 Rxc4 23. Rab1 Rac8 24. Ne2 Qf6 25. Rxc4 Rxc4 26. Rc1 Rxc1+
27. Qxc1 Qb2 28. Qxb2 Bxb2 29. Bf4 a5 30. bxa5 b4 31. Be3 Ba6 32. Nd4 f5 33.
exf5 Bxd4 34. Bxd4 gxf5 35. Kf2 Kf7 36. Ke3 Bc4 37. Kf4 Kg6 38. g4 fxg4 39.
fxg4 Bxd5 40. h4 h6 41. a6 b3 42. h5+ Kf7 43. Kg3 Ke6 44. a7 Kd7 45. g5 hxg5
46. h6 1-0

[Event "XXXV Festival Conca della Presolana Magistrale"]
[Site "Castione della Presolana ITA"]
[Date "2015.08.25"]
[Round "5"]
[White "Madiai, Federico"]
[Black "Corvi, Marco"]
[WhiteElo "2227"]
[BlackElo "2322"]
[Result "0-1"]
[PlyCount "90"]
[EventDate "2015.08.22"]

1. e4 Nf6 2. e5 Nd5 3. d4 d6 4. c4 Nb6 5. exd6 exd6 6. Nc3 Be7 7. h3 O-O 8. Nf3
Re8 9. Be3 Bf6 10. Rc1 Nc6 11. b3 Bf5 12. Be2 d5 13. c5 Nc8 14. O-O h6 15. a3
N8e7 16. b4 Be4 17. b5 Na5 18. Qa4 b6 19. Rfd1 Nf5 20. Bf4 Nc4 21. Qb4 Na5 22.
Be5 Be7 23. Nd2 Bg5 24. Ra1 Bxd2 25. Rxd2 Bxg2 26. Bg4 Nh4 27. Rd3 Be4 28. Rg3
Ng6 29. Nxe4 dxe4 30. Rd1 Qe7 31. cxb6 axb6 32. Qxe7 Rxe7 33. Rc3 Nxe5 34. dxe5
Nb7 35. Rd7 Rxd7 36. Bxd7 Nc5 37. Bc6 Rd8 38. Re3 Rd3 39. Rxd3 exd3 40. Kf1 Kf8
41. Ke1 Ke7 42. Bd5 Ne6 43. Bc4 Nf4 44. f3 Nxh3 45. Bxd3 Nf4 0-1

[Event "XXXV Festival Conca della Presolana Magistrale"]
[Site "Castione della Presolana ITA"]
[Date "2015.08.25"]
[Round "5"]
[White "Motola, Jacopo"]
[Black "Aghayev, Miragha"]
[WhiteElo "2061"]
[BlackElo "2354"]
[Result "0-1"]
[PlyCount "100"]
[EventDate "2015.08.22"]

1. d4 f5 2. g3 Nf6 3. Bg2 g6 4. c4 Bg7 5. Nc3 O-O 6. Nf3 d6 7. O-O c6 8. Qc2
Qc7 9. b3 e5 10. dxe5 dxe5 11. Bb2 e4 12. Ne1 Nbd7 13. f3 Ne5 14. Nd1 Bd7 15.
f4 Nf7 16. e3 c5 17. Nf2 h5 18. h4 b5 19. Nd1 bxc4 20. Qxc4 Qb6 21. Rf2 Be6 22.
Qc1 Rfc8 23. Bf1 a5 24. Bc4 a4 25. Rd2 Rcb8 26. Bxe6 Qxe6 27. Qxc5 axb3 28.
axb3 Rxa1 29. Bxa1 Rxb3 30. Rb2 Kh7 31. Rxb3 Qxb3 32. Qc2 Qb5 33. Bxf6 Bxf6 34.
Kf2 Nh6 35. Qe2 Ng4+ 36. Kf1 Qb3 37. Kg1 Be7 38. Nc2 Bc5 39. Qd2 Qb5 40. Kg2
Qc4 41. Kg1 Qb5 42. Kg2 Bb6 43. Nf2 Nf6 44. Kg1 Nd5 45. Nd1 Qd3 46. Qc1 Qe2 47.
Qb1 Qf3 48. Kh2 Nf6 49. Qxb6 Ng4+ 50. Kh3 Qh1# 0-1

[Event "XXXV Festival Conca della Presolana Magistrale"]
[Site "Castione della Presolana ITA"]
[Date "2015.08.25"]
[Round "5"]
[White "Movsziszian, Karen"]
[Black "Cebalo, Miso"]
[WhiteElo "2457"]
[BlackElo "2397"]
[Result "1/2-1/2"]
[PlyCount "86"]
[EventDate "2015.08.22"]

1. g3 c5 2. Bg2 g6 3. d3 Bg7 4. f4 Nc6 5. Nf3 d6 6. O-O Nf6 7. Nc3 O-O 8. e4
Bg4 9. h3 Bxf3 10. Qxf3 Rb8 11. g4 Nd4 12. Qf2 b5 13. Nd1 b4 14. Ne3 Nd7 15. h4
a5 16. a4 e6 17. Bd2 c4 18. dxc4 b3 19. c3 Nc2 20. Rac1 Nc5 21. Nxc2 bxc2 22.
Rxc2 Nd3 23. Qe2 Nxb2 24. Ra1 Qc7 25. c5 d5 26. Be3 Nc4 27. exd5 exd5 28. Bxd5
Nxe3 29. Qxe3 Rfe8 30. Qf2 Rbd8 31. Rd1 Bf8 32. c6 Bd6 33. Kg2 Bxf4 34. c4 h6
35. Rf1 g5 36. hxg5 hxg5 37. Qd4 Re5 38. Qd1 Rde8 39. Qd3 Re3 40. Qg6+ Kf8 41.
Qh6+ Kg8 42. Rh1 Re2+ 43. Rxe2 Rxe2+ 1/2-1/2